Actualidad económica (Registro nro. 29009)

Detalles MARC
000 -LEADER
fixed length control field 00468 a2200145 4500
001 - CONTROL NUMBER
control field ART_26062
005 - DATE AND TIME OF LATEST TRANSACTION
control field 20260410161936.0
008 - FIXED-LENGTH DATA ELEMENTS--GENERAL INFORMATION
fixed length control field 260409a
100 1# - MAIN ENTRY--PERSONAL NAME
Personal name Alsogaray, Alvaro Carlos
245 10 - TITLE STATEMENT
Title Actualidad económica
700 1# - ADDED ENTRY--PERSONAL NAME
Personal name Alemann, Roberto T.
700 1# - ADDED ENTRY--PERSONAL NAME
Personal name García Martínez, Luis
700 1# - ADDED ENTRY--PERSONAL NAME
Personal name Rodríguez, Carlos A.
773 0# - HOST ITEM ENTRY
Title Anales de la Academia Nacional de Ciencias Económicas
Related parts - Vol. XXXIII, (1988) (ene. 1988)
Record control number REV25596

No hay ítems disponibles.